British policy in changing Africa. (Record no. 1882)
[ view plain ]
| 000 -LEADER | |
|---|---|
| fixed length control field | 00747cam a22002411 4500 |
| 001 - CONTROL NUMBER | |
| control field | 9823433 |
| 003 - CONTROL NUMBER IDENTIFIER | |
| control field | OSt |
| 005 - DATE AND TIME OF LATEST TRANSACTION | |
| control field | 20230620155018.0 |
| 008 - FIXED-LENGTH DATA ELEMENTS--GENERAL INFORMATION | |
| fixed length control field | 750910s1959 ilu 000 0 eng |
| 010 ## - LIBRARY OF CONGRESS CONTROL NUMBER | |
| LC control number | 59006733 |
| 035 ## - SYSTEM CONTROL NUMBER | |
| System control number | (OCoLC)1615342 |
| 040 ## - CATALOGING SOURCE | |
| Original cataloging agency | DLC |
| Transcribing agency | OTU |
| Modifying agency | OCoLC |
| -- | DLC |
| 042 ## - AUTHENTICATION CODE | |
| Authentication code | premarc |
| 082 ## - DEWEY DECIMAL CLASSIFICATION NUMBER | |
| Classification number | 325.342096 |
| Item number | COH |
| 100 1# - MAIN ENTRY--PERSONAL NAME | |
| Personal name | Cohen, A. B. |
| Fuller form of name | (Andrew Benjamin), |
| Dates associated with a name | 1909-1968. |
| 245 10 - TITLE STATEMENT | |
| Title | British policy in changing Africa. |
| 260 ## - PUBLICATION, DISTRIBUTION, ETC. (IMPRINT) | |
| Place of publication, distribution, etc. | Evanston, |
| Name of publisher, distributor, etc. | Northwestern University Press |
| Date of publication, distribution, etc. | [1959] |
| 300 ## - PHYSICAL DESCRIPTION | |
| Extent | x, 116 p. |
| Dimensions | 24 cm. |
| 410 20 - SERIES STATEMENT/ADDED ENTRY--CORPORATE NAME [OBSOLETE, CAN/MARC], [LOCAL, USA] | |
| Corporate name or jurisdiction name as entry element | Northwestern University (Evanston, Ill.) |
| Title of a work | African studies, |
| Volume number/sequential designation | no. 2 |
| 651 #0 - SUBJECT ADDED ENTRY--GEOGRAPHIC NAME | |
| Geographic name | Great Britain |
| General subdivision | Colonies |
| Geographic subdivision | Africa. |
| 906 ## - LOCAL DATA ELEMENT F, LDF (RLIN) | |
| a | 7 |
| b | cbc |
| c | oclcrpl |
| d | u |
| e | ncip |
| f | 19 |
| g | y-gencatlg |
| 942 ## - ADDED ENTRY ELEMENTS (KOHA) | |
| Source of classification or shelving scheme | Dewey Decimal Classification |
| Koha item type | Books |
| Withdrawn status | Lost status | Source of classification or shelving scheme | Damaged status | Not for loan | Home library | Current library | Date acquired | Total Checkouts | Full call number | Barcode | Date last seen | Price effective from | Koha item type |
|---|---|---|---|---|---|---|---|---|---|---|---|---|---|
| Dewey Decimal Classification | County Hall Archives | County Hall Archives | 06/20/2023 | 325.342096 COH | 10000137 | 06/20/2023 | 06/20/2023 | Books |
